[Rezension von: Alexandre-Bidon, Danièle, Dans l'atelier de l'apothicaire]

Saved in:
Bibliographic Details
Published in:Sehepunkte 15(2015), 6
Main Author: Olariu, Dominic (Author, VerfasserIn)
Other Authors: Alexandre-Bidon, Danièle (Rezensierte Person)
Document Type: Online Resource Article
Language:English
Published: 2015
Subjects:
Online Access:Volltext
Related Items:Enthalten in: Sehepunkte
Rezension von: Dans l'atelier de l'apothicaire
LEADER 01557caa a2200337 c 4500
001 898127963
003 DE-627
005 20240327230306.0
007 cr uuu---uuuuu
008 170918s2015 xx |||||oo 00| ||eng c
035 |a (DE-627)898127963 
035 |a (DE-576)9898127961 
035 |a (DE-599)GBV898127963 
040 |a DE-627  |b ger  |c DE-627  |e rda 
041 |a eng 
100 1 |a Olariu, Dominic  |d 1970-  |e VerfasserIn  |0 (DE-588)143744291  |0 (DE-627)654332835  |0 (DE-576)338682740  |4 aut 
245 1 0 |a [Rezension von: Alexandre-Bidon, Danièle, Dans l'atelier de l'apothicaire] 
264 1 |c 2015 
336 |a Text  |b txt  |2 rdacontent 
337 |a Computermedien  |b c  |2 rdamedia 
338 |a Online-Ressource  |b cr  |2 rdacarrier 
655 7 |a Rezension  |0 (DE-588)4049712-4  |0 (DE-627)106186019  |0 (DE-576)209083166  |2 gnd-content 
700 1 |a Alexandre-Bidon, Danièle  |d 1953-  |e Rezensierte Person  |0 (DE-588)18848230X  |0 (DE-627)699405882  |0 (DE-576)16379054X  |4 oth 
773 0 8 |i Enthalten in  |t Sehepunkte  |d München : Ludwig-Maximilians-Univ., 2001  |g 15(2015), 6  |h Online-Ressource  |w (DE-627)33678273X  |w (DE-600)2062440-2  |w (DE-576)117978736  |x 1618-6168  |7 nnas 
773 1 8 |g volume:15  |g year:2015  |g number:6 
787 0 8 |i Rezension von  |a Alexandre-Bidon, Danièle  |t Dans l'atelier de l'apothicaire  |d Paris : Picard Editions, 2013 
856 4 0 |u http://www.sehepunkte.de/2015/06/24544.html  |x Verlag  |3 Volltext  |7 1 
951 |a AR 
994 |u https://www.sehepunkte.de/2015/06/24544.html 
991 |a Rezension (Monographie, Zeitschrift, Aufsatz) 
999 |a KXP-PPN898127963  |e 4978601436